Normal view
MARC view
Entry Topical Term
001 - CONTROL NUMBER
- control field: 21082
003 - CONTROL NUMBER IDENTIFIER
- control field:
005 - DATE AND TIME OF LATEST TRANSACTION
- control field: 20210601180502.0
008 - FIXED-LENGTH DATA ELEMENTS
- fixed length control field: 210601|| aca||aabn | a|a d
040 ## - CATALOGING SOURCE
- Original cataloging agency:
- Transcribing agency:
150 ## - HEADING--TOPICAL TERM
- Topical term or geographic name entry element: Homeopathic pharmacy
670 ## - SOURCE DATA FOUND
- Source citation: Work cat.: (): Lippe, Constantine 21080, Repertory to the more characteristic symptoms of the materiea medica/, 1880
